| 000 | 00907cam a2200337 4500 | ||
|---|---|---|---|
| 008 | 090401t1996 xxu||||| |||| 00| 0 eng d | ||
| 020 | _a0632038470 | ||
| 035 | _a(Sirsi) u44477 | ||
| 041 | _aeng | ||
| 050 | _a692.8 | ||
| 110 |
_aAqua Group _9865 |
||
| 245 | _aContract administration for the building team | ||
| 250 | _a8th edition | ||
| 260 |
_aOxford _bBlackwell Science _c1996 |
||
| 300 | _aix,142p. : ill. ; 24cm. | ||
| 350 | _a12.99 | ||
| 520 | _aSUPERSEDED BY 9TH EDITION (ISBN 0632054859) | ||
| 650 | _aARCHITECTS | ||
| 650 | _aBUILT ENVIRONMENT-BUILDING CONTRACT FORMS | ||
| 650 | _aBUILDING DISPUTES | ||
| 650 | _aCOMPLETION | ||
| 650 | _aDELAYS | ||
| 650 | _aFINAL ACCOUNTS | ||
| 650 |
_aInsolvency _96247 |
||
| 650 | _aINTERIM PAYMENTS | ||
| 650 | _aQUANTITY SURVEYORS | ||
| 650 | _aVARIATIONS | ||
| 690 | _aBUILT ENVIRONMENT | ||
| 942 | _n0 | ||
| 948 | _c04/03/1997 | ||
| 999 |
_c91543 _d91543 |
||